Môđun trên vành P-Coherent : Luận văn Thạc sĩ Toán học chuyên ngành Đại số và Lý thuyết số
Đề tài trình bày một số kiến thức cơ bản về lý thuyết môđun, các tính chất đặc trưng của vành p-coherent và khảo sát các môđun trên loại vành này.
Guardado en:
| Autor principal: | |
|---|---|
| Formato: | Libro |
| Lenguaje: | Undetermined |
| Publicado: |
Cần Thơ
Trường Đại học Cần Thơ
2011
|
| Materias: | |
| Etiquetas: |
Agregar Etiqueta
Sin Etiquetas, Sea el primero en etiquetar este registro!
|
| Thư viện lưu trữ: | Trung tâm Học liệu Trường Đại học Cần Thơ |
|---|
| LEADER | 01016nam a2200217Ia 4500 | ||
|---|---|---|---|
| 001 | CTU_166579 | ||
| 008 | 210402s9999 xx 000 0 und d | ||
| 082 | |a 512.4 | ||
| 082 | |b D561 | ||
| 088 | |a 60460104 | ||
| 100 | |a Nguyễn, Thùy Dương | ||
| 245 | 0 | |a Môđun trên vành P-Coherent : | |
| 245 | 0 | |b Luận văn Thạc sĩ Toán học chuyên ngành Đại số và Lý thuyết số | |
| 245 | 0 | |c Nguyễn Thùy Dương ; Nguyễn Viết Đông (Người hướng dẫn) | |
| 260 | |a Cần Thơ | ||
| 260 | |b Trường Đại học Cần Thơ | ||
| 260 | |c 2011 | ||
| 520 | |a Đề tài trình bày một số kiến thức cơ bản về lý thuyết môđun, các tính chất đặc trưng của vành p-coherent và khảo sát các môđun trên loại vành này. | ||
| 650 | |a Vành (Đại số học),Rings (Algebra) | ||
| 904 | |i Trọng Hải | ||
| 980 | |a Trung tâm Học liệu Trường Đại học Cần Thơ | ||